Обмен опытом. №33: Новый способ заливки эксцентриков (Запись № 3198770)

Подробности
000 -МАРКЕР
контрольное поле 01603nam2a22002771 4500
001 - ИДЕНТИФИКАТОР ЗАПИСИ
контрольное поле RU\NLR\INFOCOMM44\1000035084
005 - ИДЕНТИФИКАТОР ВЕРСИИ
контрольное поле 20250617112351.0
035 ## - ДРУГИЕ СИСТЕМНЫЕ НОМЕРА
Идентификатор записи (NLR Aleph) 002572091
100 ## - ДАННЫЕ ОБЩЕЙ ОБРАБОТКИ
Данные общей обработки 20040603d1956 |||y0rusy50 ca
101 0# - ЯЗЫК РЕСУРСА
Язык текста, звукозаписи и т.д. русский
102 ## - СТРАНА ПУБЛИКАЦИИ ИЛИ ПРОИЗВОДСТВА
Страна публикации Российская Федерация
105 ## - ПОЛЕ КОДИРОВАННЫХ ДАННЫХ: ТЕКСТОВЫЕ МАТЕРИАЛЫ, МОНОГРАФИЧЕСКИЕ
Кодированные данные о монографическом текстовом документе y |||||||||
200 1# - ЗАГЛАВИЕ И СВЕДЕНИЯ ОБ ОТВЕТСТВЕННОСТИ
Основное заглавие Новый способ заливки эксцентриков
Первые сведения об ответственности А.И. Гетманский, М.С. Смоленцев
210 ## - ПУБЛИКАЦИЯ, РАСПРОСТРАНЕНИЕ И ДР.
Дата издания, распространения и т.д. 1956
Место издания, распространения и т.д. Б. м.
423 #0 - ИЗДАЕТСЯ В ОДНОЙ ОБЛОЖКЕ ВМЕСТЕ С ...
Встроенное поле 2001#$aЭлектрощетка для зачистки трубок радиаторов$fА.А. Стрижов
-- 700#1$aСтрижов$bА.А.
Заглавие Электрощетка для зачистки трубок радиаторов
Автор Стрижов, А.А.
461 #0 - УРОВЕНЬ НАБОРА
Встроенное поле 001RU\NLR\INFOCOMM44\1000035052
-- 2001#$aОбмен опытом$eИнформационный листок стекольной промышленности$fМПСМ СССР. Техн. упр. Проектно-конструкторское бюро ВНИИСтекла$v№33
Системный номер (АБИС) связанной записи 3198599
Место публикации М.
Дата публикации 1956-1958
Первые сведения об ответственности МПСМ СССР. Техн. упр. Проектно-конструкторское бюро ВНИИСтекла
Имя издателя, распространителя и т.д. Промстройиздат
Сведения, относящиеся к заглавию Информационный листок стекольной промышленности
Заглавие Обмен опытом
Номер тома №33
700 #1 - ИМЯ ЛИЦА - ПЕРВИЧНАЯ ОТВЕТСТВЕННОСТЬ
Начальный элемент ввода Гетманский
Часть имени, кроме начального элемента ввода А.И.
Код отношения Автор
701 #1 - ИМЯ ЛИЦА - АЛЬТЕРНАТИВНАЯ ОТВЕТСТВЕННОСТЬ
Начальный элемент ввода Смоленцев
Часть имени, кроме начального элемента ввода М.С.
Код отношения Автор
801 #1 - ИСТОЧНИК ЗАПИСИ
Страна Российская Федерация
Организация InfoComm
Дата составления 20040603
801 #0 - ИСТОЧНИК ЗАПИСИ
Страна Российская Федерация
Организация NLR
Правила каталогизации PSBO
852 ## - МЕСТОНАХОЖДЕНИЕ И ШИФР ХРАНЕНИЯ
Идентификатор организации NLR
Шифр хранения (Call Number) П10/1520
942 ## - ДОПОЛНИТЕЛЬНЫЕ ЭЛЕМЕНТЫ ЗАПИСИ (АБИС)
Тип экземпляра АБИС Выпуск
980 ## - КОЛЛЕКЦИЯ
Название коллекции Национальная библиография
980 ## - КОЛЛЕКЦИЯ
Название коллекции Русская периодика

Нет доступных экземпляров.